Państwa urodzenia papieży - Statystyki

Ogólne statystyki
  • Ten quiz został rozwiązany 8 396 razy
    2 915 od ostatniego zresetowania
  • Średni wynik to 12 z 16
Statystyki odpowiedzi
# Papieży Kraj % Poprawnych
212 Włochy | Watykan
100%
1 Polska
99%
6 Niemcy
97%
16 Francja
96%
1 Stany Zjednoczone
96%
2 Hiszpania
93%
1 Argentyna
92%
1 Portugalia
84%
1 Wielka Brytania
79%
3 Grecja
74%
2 Turcja
65%
1 Holandia
64%
3 Izrael
55%
2 Chorwacja
52%
3 Syria
43%
1 Libia
33%
Nie znaleziono quizów pasujących do podanych kryteriów
Rozkład punktacji
Procent ludzi z każdym wynikiem
Percentyl według liczby udzielonych odpowiedzi
Twoja historia wyników
Nie rozwiązałeś tego quizu od ostatniego zresetowania